Southville International School and Colleges
Your cart is empty.
  • Cart
  • Lists
    Public lists Eva Luna New books Lux_list list_1
    Your lists Log in to create your own lists
  • Log in to your account
  • Your cookies
  • Search history
Southville International School and Colleges
  • Advanced search
  • Recent comments
  • Most popular
  • Libraries

Log in to your account

Log in with GOOGLE


If you do not have an external account, but do have a local account, you can still log in:

  1. Home
  2. MARC view: The media kit :
Normal view MARC view ISBD view

The media kit : (Record no. 39584)

[ view plain ]
MARC details
000 -LEADER
fixed length control field 00700nam a2200217 a 4500
005 - DATE AND TIME OF LATEST TRANSACTION
control field 20140311163028.0
008 - FIXED-LENGTH DATA ELEMENTS--GENERAL INFORMATION
fixed length control field 090807s19uu xx 00 eng d
020 ## - INTERNATIONAL STANDARD BOOK NUMBER
International Standard Book Number 9789712720123BP
020 ## - INTERNATIONAL STANDARD BOOK NUMBER
International Standard Book Number 9789712720079NP
050 ## - LIBRARY OF CONGRESS CALL NUMBER
Classification number PN 1992.94
Item number .C355Sp 2008
100 ## - MAIN ENTRY--PERSONAL NAME
Personal name Casul, Melanie
245 ## - TITLE STATEMENT
Title The media kit :
Remainder of title a frame by frame guide to visual production (book 1 scriptwriting and preproduction) /
Statement of responsibility, etc Melanie Casul
260 ## - PUBLICATION, DISTRIBUTION, ETC. (IMPRINT)
Place of publication, distribution, etc Manila :
Name of publisher, distributor, etc Anvil Publishing,
Date of publication, distribution, etc 2008.
300 ## - PHYSICAL DESCRIPTION
Extent 132 p. :
Other physical details ill. ;
Dimensions 23 cm.
521 ## - TARGET AUDIENCE NOTE
Target audience note
650 ## - SUBJECT ADDED ENTRY--TOPICAL TERM
Topical term or geographic name as entry element Motion picture authorship
General subdivision Handbooks, manuals, etc.
700 ## - ADDED ENTRY--PERSONAL NAME
Personal name Garcia, Jag
700 ## - ADDED ENTRY--PERSONAL NAME
Personal name Lim, Michael Kho
942 ## - ADDED ENTRY ELEMENTS (KOHA)
Koha item type Books
Source of classification or shelving scheme Library of Congress Classification
Call number prefix Local
Holdings
Withdrawn status Lost status Source of classification or shelving scheme Damaged status Home library Current library Shelving location Date acquired Source of acquisition Total Checkouts Full call number Barcode Date last seen Copy number Price effective from Koha item type
    Library of Congress Classification   College Library College Library General Circulation Section 08/07/2009     PN 1992.94 .C355Sp 2008 C10392 05/15/2018 1 10/18/2013 Books

The media kit :

APA

Casul M., Garcia J. & Lim M. K. (2008). The media kit. Manila: Anvil Publishing.

Chicago

Casul Melanie, Garcia Jag and Lim Michael Kho. 2008. The media kit. Manila: Anvil Publishing.

Harvard

Casul M., Garcia J. and Lim M. K. (2008). The media kit. Manila: Anvil Publishing.

MLA

Casul Melanie, Garcia Jag and Lim Michael Kho. The media kit. Manila: Anvil Publishing. 2008.

  • Place hold
  • Print
  • Cite
  • Add to your cart (remove)
  • Save record
    BIBTEX Dublin Core MARCXML MARC (non-Unicode/MARC-8) MARC (Unicode/UTF-8) MARC (Unicode/UTF-8, Standard) MODS (XML) RIS
  • More searches
    Search for this title in:
    Other Libraries (WorldCat) Other Databases (Google Scholar) Online Stores (Bookfinder.com) Open Library (openlibrary.org)

Exporting to Dublin Core...

SOUTHVILLE LIBRARY

Southville International School and Colleges Library

1281 Tropical Ave. Cor. Luxembourg St., BF Homes International, Las Pinas City

Tel. No. 8256374 / 252358 Loc. 117/146

Powered by Koha